[Event "Porto Cristo"]
[Site "Porto Cristo"]
[Date "2023.12.13"]
[Round "4"]
[White "Suvorov, Luca"]
[Black "Mascaro March, Pedro"]
[Result "1-0"]
[WhiteElo "2333"]
[BlackElo "2341"]
[PlyCount "99"]
[EventDate "2023.12.11"]
[EventType "tourn"]
[EventRounds "9"]
[EventCountry "ESP"]
[EventCategory "1"]
[SourceTitle "CB52_2023"]
[SourceDate "2023.12.27"]
[SourceVersion "1"]
[SourceVersionDate "2023.12.27"]
[SourceQuality "1"]

1. d4 Nf6 2. c4 e6 3. Nc3 Bb4 4. e3 0-0 5. Bd2 d5 6. Nf3 b6 7. cxd5 exd5 8. Rc1 a6 9. Bd3 Bb7 10. 0-0 Nbd7 11. Ne5 Nxe5 12. dxe5 Nd7 13. f4 Nc5 14. Bc2 d4 15. Na4 Bxd2 16. Qxd2 dxe3 17. Qxe3 Qd5 18. Rf2 Nxa4 19. Bxa4 c5 20. Rd1 Qe4 21. Qxe4 Bxe4 22. Bd7 Rfd8 23. Rd6 Kf8 24. f5 b5 25. Rfd2 c4 26. R2d4 Bd3 27. f6 gxf6 28. exf6 h6 29. Kf2 Kg8 30. h4 Ra7 31. h5 Rc7 32. a3 Rc5 33. Bg4 Rxd6 34. Rxd6 Bf5 35. Bf3 a5 36. g4 Bb1 37. Rd8+ Kh7 38. Bd5 Bg6 39. hxg6+ Kxg6 40. Ke3 c3 41. Be4+ Kxf6 42. bxc3 Rxc3+ 43. Rd3 Rxd3+ 44. Bxd3 b4 45. a4 Kg5 46. Kf3 h5 47. gxh5 Kxh5 48. Bc4 f6 49. Kf4 Kh4 50. Be6 1-0

[Event "Colonia de Sant Jordi op 2nd"]
[Site "Colonia de Sant Jordi"]
[Date "2023.06.14"]
[Round "5"]
[White "Grant, Jonathan"]
[Black "Mascaro March, Pedro"]
[Result "0-1"]
[WhiteElo "2161"]
[BlackElo "2359"]
[PlyCount "66"]
[EventDate "2023.06.10"]
[EventType "swiss"]
[EventRounds "9"]
[EventCountry "ESP"]
[SourceTitle "CBM 214 Extra"]
[Source "ChessBase"]
[SourceDate "2023.07.31"]
[SourceVersion "1"]
[SourceVersionDate "2023.07.31"]
[SourceQuality "1"]

1. c4 e6 2. Nc3 d5 3. e3 Nf6 4. Nf3 c5 5. cxd5 exd5 6. Bb5+ Bd7 7. a4 Nc6 8. d4 a6 9. Bxc6 bxc6 10. Ne5 Bd6 11. 0-0 0-0 12. a5 Rb8 13. Na4 c4 14. Nb6 Qc7 15. f4 Be8 16. Qc2 c5 17. Rf3 cxd4 18. exd4 Bb5 19. Rh3 Rxb6 20. axb6 Qxb6 21. Be3 Ne4 22. Qd1 Nf6 23. Qe1 Bd7 24. Nxd7 Nxd7 25. Qh4 Nf6 26. f5 Re8 27. Bg5 Re4 28. Bxf6 Rxh4 29. Bxh4 Qxb2 30. Re1 f6 31. Re6 c3 32. Be1 c2 33. Rxd6 Qxd4+ 0-1

[Event "Colonia de Sant Jordi op 2nd"]
[Site "Colonia de Sant Jordi"]
[Date "2023.06.12"]
[Round "3"]
[White "Voiteanu, Christian Gabriel"]
[Black "Mascaro March, Pedro"]
[Result "0-1"]
[WhiteElo "2149"]
[BlackElo "2359"]
[PlyCount "96"]
[EventDate "2023.06.10"]
[EventType "swiss"]
[EventRounds "9"]
[EventCountry "ESP"]
[SourceTitle "CBM 214 Extra"]
[Source "ChessBase"]
[SourceDate "2023.07.31"]
[SourceVersion "1"]
[SourceVersionDate "2023.07.31"]
[SourceQuality "1"]

1. d4 d5 2. Nf3 Nf6 3. g3 Bf5 4. Nh4 Be4 5. f3 Bg6 6. c4 Bxb1 7. Rxb1 c6 8. Qb3 Qb6 9. c5 Qxb3 10. axb3 e5 11. e3 exd4 12. exd4 g6 13. Bf4 Bg7 14. Kd2 0-0 15. Bh3 Nh5 16. Be5 Bxe5 17. dxe5 Na6 18. Rhc1 Rae8 19. f4 f6 20. Nf3 fxe5 21. Nxe5 Nf6 22. Bg2 g5 23. Ra1 gxf4 24. gxf4 Ne4+ 25. Bxe4 dxe4 26. Ke3 Nb4 27. Kxe4 Nd5 28. Rf1 a6 29. Rae1 Re7 30. h4 Kg7 31. f5 Rd8 32. Kd3 Nf6+ 33. Kc2 Rd5 34. Nd3 Re4 35. b4 Kf7 36. Rxe4 Nxe4 37. Re1 Ng3 38. Ne5+ Kf6 39. Ng4+ Kf7 40. f6 Nf5 41. h5 Rd4 42. Re5 Rxg4 43. Rxf5 Rxb4 44. Rg5 Kxf6 45. Rg8 Rc4+ 46. Kd3 Rxc5 47. h6 Rg5 48. Rd8 Rd5+ 0-1

[Event "Colonia de Sant Jordi op 2nd"]
[Site "Colonia de Sant Jordi"]
[Date "2023.06.10"]
[Round "1"]
[White "Hristodorescu, Daniel"]
[Black "Mascaro March, Pedro"]
[Result "0-1"]
[WhiteElo "2085"]
[BlackElo "2359"]
[PlyCount "80"]
[EventDate "2023.06.10"]
[EventType "swiss"]
[EventRounds "9"]
[EventCountry "ESP"]
[SourceTitle "CBM 214 Extra"]
[Source "ChessBase"]
[SourceDate "2023.07.31"]
[SourceVersion "1"]
[SourceVersionDate "2023.07.31"]
[SourceQuality "1"]

1. e4 e5 2. Nf3 Nc6 3. Bb5 a6 4. Ba4 Nf6 5. 0-0 Be7 6. Re1 b5 7. Bb3 d6 8. c3 0-0 9. h3 Nd7 10. d4 Bf6 11. dxe5 dxe5 12. Be3 Bb7 13. Nbd2 Qe7 14. Nf1 Na5 15. Bc2 Nc4 16. Bc1 Rfd8 17. Qe2 g6 18. Ne3 Nxe3 19. Bxe3 Nc5 20. b4 Ne6 21. a4 Bc6 22. Nd2 Bg5 23. g3 Bxe3 24. Qxe3 Ng5 25. Nf3 Nxf3+ 26. Qxf3 Rd2 27. axb5 Bxb5 28. Bb3 Rad8 29. Rad1 R8d3 30. Re3 Rxd1+ 31. Bxd1 Rd2 32. Be2 Qd6 33. c4 Bc6 34. b5 axb5 35. cxb5 Be8 36. Bc4 Qd4 37. Rc3 Rxf2 38. Qxf2 Qxc3 39. Bf1 Kg7 40. Kh2 Qb4 0-1

[Event "Palma de Mallorca op"]
[Site "Palma de Mallorca"]
[Date "2021.11.28"]
[Round "7"]
[White "Mascaro March, Pedro"]
[Black "Kjartansson, Gudmundur"]
[Result "1/2-1/2"]
[WhiteElo "2356"]
[BlackElo "2443"]
[PlyCount "88"]
[EventDate "2021.11.22"]
[EventType "swiss"]
[EventRounds "7"]
[EventCountry "ESP"]
[SourceTitle "CBM 205 Extra"]
[Source "ChessBase"]
[SourceDate "2022.01.31"]
[SourceVersion "1"]
[SourceVersionDate "2022.01.31"]
[SourceQuality "1"]

1. d4 Nf6 2. Nf3 e6 3. c4 d5 4. Nc3 c6 5. Bg5 Nbd7 6. e3 h6 7. Bh4 Be7 8. Bd3 dxc4 9. Bxc4 b5 10. Bd3 Bb7 11. e4 b4 12. Na4 0-0 13. e5 Nd5 14. Bxe7 Qxe7 15. Rc1 Rfc8 16. Nc5 Nxc5 17. Rxc5 Nb6 18. Be4 Ba6 19. Bd3 Bb7 20. Be4 Ba6 21. Bd3 Bxd3 22. Qxd3 Nd7 23. Rc1 c5 24. 0-0 cxd4 25. Qxd4 Nb6 26. h3 Nd5 27. Rc4 Rd8 28. Qe4 Qb7 29. Rfc1 Rac8 30. Qc2 Nb6 31. Rxc8 Rxc8 32. Qd2 Rxc1+ 33. Qxc1 Qa6 34. Qc6 Qa4 35. Qd6 Nd5 36. Qb8+ Kh7 37. Qb7 f6 38. Qf7 Qxa2 39. Qxe6 Qb1+ 40. Kh2 Qe4 41. Qf7 a5 42. Qa7 Qf4+ 43. Kg1 Qc1+ 44. Kh2 Qf4+ 1/2-1/2

[Event "Palma de Mallorca op"]
[Site "Palma de Mallorca"]
[Date "2021.11.27"]
[Round "6"]
[White "Aroshidze, Levan"]
[Black "Mascaro March, Pedro"]
[Result "1/2-1/2"]
[WhiteElo "2532"]
[BlackElo "2356"]
[PlyCount "57"]
[EventDate "2021.11.22"]
[EventType "swiss"]
[EventRounds "7"]
[EventCountry "ESP"]
[SourceTitle "CBM 205 Extra"]
[Source "ChessBase"]
[SourceDate "2022.01.31"]
[SourceVersion "1"]
[SourceVersionDate "2022.01.31"]
[SourceQuality "1"]

1. e4 e5 2. Nf3 Nc6 3. Bb5 a6 4. Ba4 Nf6 5. 0-0 Be7 6. Re1 b5 7. Bb3 d6 8. c3 0-0 9. h3 Nd7 10. d4 Nb6 11. Nbd2 Bf6 12. Nf1 Re8 13. Ng3 g6 14. Bh6 Bd7 15. Qd2 Na5 16. Bc2 Nbc4 17. Qc1 c5 18. b3 Nb6 19. Qd2 Nc6 20. d5 Ne7 21. Nh2 Bg7 22. Bxg7 Kxg7 23. f4 f6 24. Rf1 Ng8 25. Rf2 exf4 26. Rxf4 Qe7 27. Raf1 Rf8 28. Bd1 Rae8 29. Bg4 1/2-1/2

[Event "Palma de Mallorca op"]
[Site "Palma de Mallorca"]
[Date "2021.11.24"]
[Round "3"]
[White "Lazarte Anello, David Emiliano"]
[Black "Mascaro March, Pedro"]
[Result "0-1"]
[WhiteElo "2040"]
[BlackElo "2356"]
[PlyCount "84"]
[EventDate "2021.11.22"]
[EventType "swiss"]
[EventRounds "7"]
[EventCountry "ESP"]
[SourceTitle "CBM 205 Extra"]
[Source "ChessBase"]
[SourceDate "2022.01.31"]
[SourceVersion "1"]
[SourceVersionDate "2022.01.31"]
[SourceQuality "1"]

1. e4 e5 2. Nf3 d6 3. d4 Nf6 4. Nc3 Nbd7 5. h3 Be7 6. Be3 0-0 7. Be2 c6 8. a4 a5 9. 0-0 Qc7 10. Qd2 Re8 11. Rae1 Bf8 12. Bc4 h6 13. Ba2 exd4 14. Bxd4 Ne5 15. Qf4 Be6 16. Nxe5 Nh5 17. Qf3 dxe5 18. Be3 Bxa2 19. Nxa2 Nf4 20. Rd1 Ne6 21. Qg3 g6 22. Nc3 h5 23. b3 Rad8 24. f3 Bb4 25. Ne2 Rxd1 26. Rxd1 Rd8 27. Rf1 Bc5 28. Bxc5 Nxc5 29. Qh4 Rd2 30. Ng3 Ne6 31. Kh1 Nf4 32. Nf5 Rxg2 33. Rd1 gxf5 34. Qf6 Kh7 35. Qxf5+ Kh6 36. Qf6+ Rg6 37. Qh8+ Kg5 38. Rd7 Qxd7 39. Qxe5+ Kh6 40. Qh8+ Kg5 41. Qe5+ f5 42. h4+ Kh6 0-1

[Event "Palma de Mallorca op"]
[Site "Palma de Mallorca"]
[Date "2021.11.22"]
[Round "1"]
[White "Mascaro March, Pedro"]
[Black "Pinilla Sanchez, Josep A"]
[Result "1-0"]
[WhiteElo "2356"]
[BlackElo "1782"]
[PlyCount "57"]
[EventDate "2021.11.22"]
[EventType "swiss"]
[EventRounds "7"]
[EventCountry "ESP"]
[SourceTitle "CBM 205 Extra"]
[Source "ChessBase"]
[SourceDate "2022.01.31"]
[SourceVersion "1"]
[SourceVersionDate "2022.01.31"]
[SourceQuality "1"]

1. d4 e6 2. c4 Nf6 3. Nc3 Bb4 4. e3 c5 5. Nge2 0-0 6. a3 Bxc3+ 7. Nxc3 d6 8. Be2 Nc6 9. 0-0 e5 10. d5 Ne7 11. e4 Ng6 12. b4 b6 13. Rb1 Bd7 14. g3 Ne8 15. bxc5 dxc5 16. f4 f5 17. fxe5 Nxe5 18. Bf4 Qe7 19. d6 Qe6 20. Qd5 Nc6 21. e5 g5 22. Qxe6+ Bxe6 23. Bf3 gxf4 24. Bxc6 Rd8 25. Rxf4 Ng7 26. Nd5 Ne8 27. Bxe8 Bxd5 28. cxd5 Rdxe8 29. e6 1-0

[Event "El Prat de Llobregat op-A 1st"]
[Site "El Prat de Llobregat"]
[Date "2019.12.05"]
[Round "3"]
[White "Puranik, Abhimanyu Sameer"]
[Black "Mascaro March, Pedro"]
[Result "1-0"]
[WhiteElo "2580"]
[BlackElo "2381"]
[PlyCount "51"]
[EventDate "2019.12.03"]
[EventType "swiss"]
[EventRounds "9"]
[EventCountry "ESP"]
[SourceTitle "CBM 193 Extra"]
[Source "ChessBase"]
[SourceDate "2020.01.31"]
[SourceVersion "1"]
[SourceVersionDate "2020.01.31"]
[SourceQuality "1"]

1. e4 c6 2. d4 d5 3. Nd2 dxe4 4. Nxe4 Bf5 5. Ng3 Bg6 6. h4 h6 7. Nf3 Nd7 8. h5 Bh7 9. Bd3 Bxd3 10. Qxd3 e6 11. Bd2 Ngf6 12. 0-0-0 Qc7 13. Ne4 0-0-0 14. g3 Nxe4 15. Qxe4 Nf6 16. Qe2 Bd6 17. c4 c5 18. Bc3 Rhe8 19. Kb1 Qc6 20. Rh4 Qc7 21. Rc1 Kb8 22. dxc5 Qxc5 23. Ne5 Qc7 24. c5 Bf8 25. c6 b6 26. Nxf7 1-0

[Event "Barcelona Sants op 21st"]
[Site "Barcelona"]
[Date "2019.08.27"]
[Round "5"]
[White "Mascaro March, Pedro"]
[Black "Vaibhav, Suri"]
[Result "0-1"]
[WhiteElo "2376"]
[BlackElo "2591"]
[PlyCount "88"]
[EventDate "2019.08.23"]
[EventType "swiss"]
[EventRounds "10"]
[EventCountry "ESP"]
[SourceTitle "EXT 2020"]
[Source "ChessBase"]
[SourceDate "2019.10.17"]
[SourceVersion "1"]
[SourceVersionDate "2019.10.17"]
[SourceQuality "1"]

1. d4 d5 2. c4 e6 3. Nf3 Nf6 4. Nc3 Bb4 5. Qa4+ Nc6 6. e3 0-0 7. Bd2 Re8 8. Be2 a6 9. 0-0 dxc4 10. Bxc4 Bd6 11. a3 h6 12. b4 e5 13. Qb3 Qe7 14. h3 e4 15. Nh2 b5 16. Be2 Bf5 17. f4 exf3 18. Bxf3 Bxh2+ 19. Kxh2 Bd3 20. Rfe1 Qd6+ 21. Kh1 Rad8 22. Nd5 Ne4 23. Nf4 Nxd4 24. exd4 Nxd2 25. Qxd3 Qxf4 26. Bc6 Re6 27. Rxe6 fxe6 28. Qe2 Rd6 29. Bb7 Qxd4 30. Rd1 Ne4 31. Rxd4 Ng3+ 32. Kh2 Nxe2 33. Rxd6 cxd6 34. Bxa6 Nc3 35. Kg3 Kf7 36. Kf3 e5 37. Ke3 d5 38. Kd3 d4 39. Bb7 Nb1 40. a4 bxa4 41. b5 Ke7 42. b6 Kd6 43. Bd5 Nc3 44. b7 Kc7 0-1

[Event "Barcelona Sants op 21st"]
[Site "Barcelona"]
[Date "2019.08.25"]
[Round "3"]
[White "Mascaro March, Pedro"]
[Black "Rivera, Ingris"]
[Result "1-0"]
[WhiteElo "2376"]
[BlackElo "2192"]
[PlyCount "83"]
[EventDate "2019.08.23"]
[EventType "swiss"]
[EventRounds "10"]
[EventCountry "ESP"]
[SourceTitle "EXT 2020"]
[Source "ChessBase"]
[SourceDate "2019.10.17"]
[SourceVersion "1"]
[SourceVersionDate "2019.10.17"]
[SourceQuality "1"]

1. d4 Nf6 2. Nf3 g6 3. Bg5 Bg7 4. Nbd2 c5 5. e3 0-0 6. Bxf6 exf6 7. dxc5 Qa5 8. c3 Qxc5 9. Ne4 Qb6 10. Qb3 Qc6 11. Ned2 d5 12. Nd4 Qc5 13. g3 Nc6 14. Bg2 Rd8 15. 0-0 f5 16. Rfd1 a6 17. a3 b5 18. Nxc6 Qxc6 19. Nf3 Be6 20. Nd4 Qc5 21. Rd2 Rab8 22. Rad1 a5 23. Qc2 Bxd4 24. Rxd4 b4 25. axb4 axb4 26. c4 Rbc8 27. Qd2 b3 28. cxd5 Bd7 29. h4 Qc2 30. Bf1 f4 31. Bd3 Qxd2 32. Rxd2 Rc1+ 33. Kg2 fxe3 34. fxe3 Ra8 35. Rb4 Raa1 36. Rxb3 Bg4 37. e4 Kg7 38. Kf2 Kf6 39. Ke3 Ke5 40. Rb8 Re1+ 41. Be2 Bd7 42. Rb7 1-0

[Event "Badalona op 45th"]
[Site "Badalona"]
[Date "2019.08.10"]
[Round "9"]
[White "Mascaro March, Pedro"]
[Black "Sturt, Raven M"]
[Result "1-0"]
[WhiteElo "2376"]
[BlackElo "2462"]
[PlyCount "97"]
[EventDate "2019.08.02"]
[EventType "swiss"]
[EventRounds "9"]
[EventCountry "ESP"]
[SourceTitle "EXT 2020"]
[Source "ChessBase"]
[SourceDate "2019.10.17"]
[SourceVersion "1"]
[SourceVersionDate "2019.10.17"]
[SourceQuality "1"]

1. d4 Nf6 2. Nf3 g6 3. Bg5 Bg7 4. Nbd2 d6 5. c3 h6 6. Bh4 0-0 7. e4 Nh5 8. Bc4 Qe8 9. 0-0 Nc6 10. Re1 e5 11. dxe5 dxe5 12. a4 Kh8 13. Qc2 Bd7 14. b4 Ne7 15. a5 g5 16. Bg3 Ng6 17. Nf1 Bf6 18. Ne3 g4 19. Nd2 Nhf4 20. f3 gxf3 21. Nxf3 Rg8 22. Qb3 Be6 23. Bxe6 fxe6 24. Kh1 h5 25. Rad1 Rg7 26. Rd2 h4 27. Bf2 Qf7 28. h3 Be7 29. Qd1 Rag8 30. Ng4 Nxg2 31. Kxg2 Nf4+ 32. Kh1 Nxh3 33. Nfh2 Qh5 34. Be3 Bg5 35. Bxg5 Qxg5 36. Qe2 Rf8 37. Qe3 Nf4 38. Red1 Rff7 39. Rg1 Qh5 40. Nf3 Rf8 41. Nfxe5 Ng6 42. Nxg6+ Rxg6 43. Qd4+ Rg7 44. Qe5 Qg6 45. Rdg2 Rf3 46. Kh2 Rd3 47. Nf2 Rg3 48. Rxg3 hxg3+ 49. Rxg3 1-0

[Event "Badalona op 45th"]
[Site "Badalona"]
[Date "2019.08.05"]
[Round "4"]
[White "Hernandez, Cristian Andres"]
[Black "Mascaro March, Pedro"]
[Result "1-0"]
[WhiteElo "2362"]
[BlackElo "2376"]
[PlyCount "67"]
[EventDate "2019.08.02"]
[EventType "swiss"]
[EventRounds "9"]
[EventCountry "ESP"]
[SourceTitle "EXT 2021"]
[Source "ChessBase"]
[SourceDate "2020.10.23"]
[SourceVersion "1"]
[SourceVersionDate "2020.10.23"]
[SourceQuality "1"]

1. d4 Nf6 2. Nf3 e6 3. c4 Bb4+ 4. Nbd2 0-0 5. a3 Bxd2+ 6. Qxd2 b6 7. e3 Bb7 8. Be2 d6 9. b4 Nbd7 10. Bb2 Ne4 11. Qc2 Ng5 12. h4 Nxf3+ 13. gxf3 a5 14. b5 c6 15. bxc6 Bxc6 16. d5 Bb7 17. Bd3 e5 18. Bxh7+ Kh8 19. f4 Rc8 20. Bf5 g6 21. Bxd7 Qxd7 22. fxe5 dxe5 23. Rd1 Qg4 24. Bxe5+ f6 25. Bf4 b5 26. h5 g5 27. Qg6 Rxc4 28. Bd6 Qf3 29. Qh6+ Kg8 30. Qxf8+ Kh7 31. Qe7+ Kh8 32. Qe8+ Kh7 33. Qd7+ Kh8 34. Rh3 1-0

[Event "Badalona op 45th"]
[Site "Badalona"]
[Date "2019.08.04"]
[Round "3"]
[White "Mascaro March, Pedro"]
[Black "Mateus Urbano, Luis Alejandro"]
[Result "1-0"]
[WhiteElo "2376"]
[BlackElo "2334"]
[PlyCount "81"]
[EventDate "2019.08.02"]
[EventType "swiss"]
[EventRounds "9"]
[EventCountry "ESP"]
[SourceTitle "EXT 2021"]
[Source "ChessBase"]
[SourceDate "2020.10.23"]
[SourceVersion "1"]
[SourceVersionDate "2020.10.23"]
[SourceQuality "1"]

1. d4 d5 2. Nf3 Nf6 3. c4 c6 4. e3 Bf5 5. Nc3 e6 6. Nh4 Be7 7. f3 Bg6 8. Nxg6 hxg6 9. g3 Nbd7 10. Bg2 Bd6 11. f4 Qc7 12. 0-0 0-0 13. Bd2 Rad8 14. c5 Be7 15. b4 b6 16. Qc2 Rb8 17. Rfb1 bxc5 18. bxc5 Rxb1+ 19. Rxb1 Rb8 20. Rb3 Ne8 21. Bf1 f5 22. g4 Nef6 23. g5 Ne4 24. Nxe4 fxe4 25. h4 Kf7 26. Qd1 Rxb3 27. Qxb3 Qc8 28. Be2 Bd8 29. Kf2 Bc7 30. Qa4 Bb8 31. Ba6 Qh8 32. Qxc6 Qxh4+ 33. Ke2 Qg4+ 34. Ke1 Ke7 35. Bf1 Qg3+ 36. Kd1 Qf3+ 37. Be2 Qh1+ 38. Kc2 Qa1 39. Bb5 Qxa2+ 40. Kd1 Qb1+ 41. Ke2 1-0

[Event "Port de Pollensa op"]
[Site "Port de Pollenca"]
[Date "2019.03.24"]
[Round "7"]
[White "Mascaro March, Pedro"]
[Black "Oueld El Hachemi, Abdelhaq"]
[Result "1-0"]
[WhiteElo "2378"]
[BlackElo "1675"]
[PlyCount "29"]
[EventDate "2019.03.18"]
[EventType "swiss"]
[EventRounds "7"]
[EventCountry "ESP"]
[SourceTitle "CBM 189 Extra"]
[Source "ChessBase"]
[SourceDate "2019.06.03"]
[SourceVersion "1"]
[SourceVersionDate "2019.06.03"]
[SourceQuality "1"]

1. d4 d5 2. Nf3 Nc6 3. Bf4 Nf6 4. e3 Nh5 5. Bg5 g6 6. c4 Qd6 7. Nc3 dxc4 8. Bxc4 h6 9. Bh4 Bg4 10. h3 Bd7 11. a3 a6 12. Ne4 Ng7 13. Nxd6+ cxd6 14. d5 Na7 15. e4 1-0

[Event "Port de Pollensa op"]
[Site "Port de Pollenca"]
[Date "2019.03.23"]
[Round "6"]
[White "Alexieva, Silvia"]
[Black "Mascaro March, Pedro"]
[Result "1/2-1/2"]
[WhiteElo "2283"]
[BlackElo "2378"]
[PlyCount "38"]
[EventDate "2019.03.18"]
[EventType "swiss"]
[EventRounds "7"]
[EventCountry "ESP"]
[SourceTitle "CBM 189 Extra"]
[Source "ChessBase"]
[SourceDate "2019.06.03"]
[SourceVersion "1"]
[SourceVersionDate "2019.06.03"]
[SourceQuality "1"]

1. c4 Nf6 2. Nf3 e6 3. g3 d5 4. Bg2 Be7 5. 0-0 0-0 6. d4 dxc4 7. Qc2 a6 8. a4 Bd7 9. Qxc4 Bc6 10. Bg5 a5 11. Nc3 Na6 12. Bxf6 Bxf6 13. e4 Nb4 14. Rad1 b6 15. Rd2 Bb7 16. Rfd1 g6 17. Ne1 Bg7 18. Nc2 Qe7 19. e5 Bxg2 1/2-1/2

[Event "Port de Pollensa op"]
[Site "Port de Pollenca"]
[Date "2019.03.22"]
[Round "5"]
[White "Mascaro March, Pedro"]
[Black "Ivanov, Jordan"]
[Result "1/2-1/2"]
[WhiteElo "2378"]
[BlackElo "2373"]
[PlyCount "28"]
[EventDate "2019.03.18"]
[EventType "swiss"]
[EventRounds "7"]
[EventCountry "ESP"]
[SourceTitle "CBM 189 Extra"]
[Source "ChessBase"]
[SourceDate "2019.06.03"]
[SourceVersion "1"]
[SourceVersionDate "2019.06.03"]
[SourceQuality "1"]

1. d4 d5 2. Nf3 Nf6 3. c4 dxc4 4. e3 e6 5. Bxc4 c5 6. 0-0 a6 7. dxc5 Qxd1 8. Rxd1 Bxc5 9. a3 Nbd7 10. b4 Be7 11. Bb2 b5 12. Be2 Bb7 13. Nbd2 0-0 14. Rac1 Rac8 1/2-1/2

[Event "Port de Pollensa op"]
[Site "Port de Pollenca"]
[Date "2019.03.21"]
[Round "4"]
[White "Milchev, Nikolay"]
[Black "Mascaro March, Pedro"]
[Result "1/2-1/2"]
[WhiteElo "2417"]
[BlackElo "2378"]
[PlyCount "84"]
[EventDate "2019.03.18"]
[EventType "swiss"]
[EventRounds "7"]
[EventCountry "ESP"]
[SourceTitle "CBM 189 Extra"]
[Source "ChessBase"]
[SourceDate "2019.06.03"]
[SourceVersion "1"]
[SourceVersionDate "2019.06.03"]
[SourceQuality "1"]

1. Nf3 Nf6 2. c4 e6 3. g3 d5 4. Bg2 Be7 5. 0-0 0-0 6. d4 dxc4 7. Qa4 a6 8. Qxc4 b5 9. Qc2 Bb7 10. Bd2 Be4 11. Qc1 Nbd7 12. Ba5 Rc8 13. Nbd2 Ba8 14. Re1 Qe8 15. b4 Ne4 16. Nb3 f5 17. Nfd2 Ndf6 18. f3 Nxd2 19. Qxd2 Bd6 20. Rac1 Nd5 21. e4 Nb6 22. Bxb6 cxb6 23. exf5 Rxc1 24. Nxc1 Rxf5 25. Bh3 Rf6 26. d5 e5 27. f4 Qh5 28. fxe5 Bxe5 29. Be6+ Kh8 30. Bg4 Qxg4 31. Rxe5 Rf8 32. Ne2 Qf3 33. Nf4 Rd8 34. Qd4 Rc8 35. Re1 h6 36. Rf1 Qg4 37. Qxb6 Re8 38. Qd4 Bb7 39. a3 Bc8 40. Qd3 Bf5 41. Qd4 Kh7 42. Qf2 Rd8 1/2-1/2

[Event "Mallorca-ch Preferente"]
[Site "Palma"]
[Date "2017.12.02"]
[Round "1.1"]
[White "Mascaro March, Pedro"]
[Black "Queirolo Perez, Manuel"]
[Result "1-0"]
[WhiteElo "2401"]
[BlackElo "2098"]
[PlyCount "53"]
[EventDate "2017.12.02"]
[EventType "swiss"]
[EventRounds "6"]
[EventCountry "ESP"]
[SourceTitle "EXT 2024"]
[Source "ChessBase"]
[SourceDate "2023.10.10"]
[SourceVersion "1"]
[SourceVersionDate "2023.10.10"]
[SourceQuality "1"]

1. d4 Nf6 2. Nf3 b6 3. g3 Bb7 4. Bg2 e6 5. c4 d5 6. 0-0 c5 7. cxd5 exd5 8. Nc3 c4 9. Ne5 Qc8 10. Qa4+ Nbd7 11. Bg5 a6 12. Nxd7 Nxd7 13. Nxd5 b5 14. Qc2 f6 15. Bf4 Kf7 16. b3 Ba3 17. Rab1 c3 18. b4 Bb2 19. Bc1 Bxc1 20. Rfxc1 a5 21. Qb3 a4 22. Qxc3 Qxc3 23. Rxc3 Rac8 24. Rbc1 Rxc3 25. Rxc3 Bxd5 26. Bxd5+ Ke7 27. Be4 1-0

[Event "Barcelona Sants op 19th"]
[Site "Barcelona"]
[Date "2017.08.23"]
[Round "6"]
[White "Moroni, Luca Jr"]
[Black "Mascaro March, Pedro"]
[Result "1-0"]
[WhiteElo "2476"]
[BlackElo "2387"]
[PlyCount "65"]
[EventDate "2017.08.18"]
[EventType "swiss"]
[EventRounds "10"]
[EventCountry "ESP"]
[SourceTitle "CBM 180 Extra"]
[Source "ChessBase"]
[SourceDate "2017.10.06"]
[SourceVersion "1"]
[SourceVersionDate "2017.10.06"]
[SourceQuality "1"]

1. d4 Nf6 2. Nf3 c5 3. c4 cxd4 4. Nxd4 b6 5. f3 Bb7 6. e4 d6 7. Nc3 g6 8. Be3 Bg7 9. Be2 0-0 10. 0-0 Nbd7 11. Rc1 a6 12. Qd2 Re8 13. Rfd1 e6 14. Nc2 Bf8 15. Bf4 Ne5 16. Bg5 Ned7 17. b4 Qc7 18. a3 Be7 19. Nd4 Rac8 20. Bf1 Qb8 21. Nb3 Red8 22. Be3 Ba8 23. Kh1 h5 24. Bf2 Re8 25. h3 Red8 26. Qe3 Re8 27. Qd4 Bc6 28. Bg3 Ne5 29. c5 bxc5 30. bxc5 dxc5 31. Nxc5 Nxf3 32. Qf2 Bxc5 33. Qxf3 1-0

[Event "Barcelona Sants op 19th"]
[Site "Barcelona"]
[Date "2017.08.21"]
[Round "4"]
[White "Moussard, Jules"]
[Black "Mascaro March, Pedro"]
[Result "0-1"]
[WhiteElo "2571"]
[BlackElo "2387"]
[PlyCount "166"]
[EventDate "2017.08.18"]
[EventType "swiss"]
[EventRounds "10"]
[EventCountry "ESP"]
[SourceTitle "CBM 180 Extra"]
[Source "ChessBase"]
[SourceDate "2017.10.06"]
[SourceVersion "1"]
[SourceVersionDate "2017.10.06"]
[SourceQuality "1"]

1. Nf3 Nf6 2. g3 d5 3. Bg2 Bg4 4. 0-0 c6 5. h3 Bxf3 6. Bxf3 Nbd7 7. d4 e5 8. c4 dxc4 9. Nd2 exd4 10. Nxc4 Nb6 11. Qc2 Nbd5 12. Rd1 Bc5 13. Nd2 Bb6 14. Nb3 Qd7 15. Kg2 Nc7 16. Bg5 Ne6 17. Bxf6 gxf6 18. Qf5 Qe7 19. a4 a5 20. Rac1 0-0 21. h4 Rfe8 22. Rc4 Rad8 23. Nd2 Ng7 24. Qc2 Qe5 25. Qb3 Qc7 26. Ne4 Re6 27. h5 h6 28. Rh1 f5 29. Nd2 Re7 30. Rh4 Ne6 31. Rc1 Bc5 32. Qd3 Bb4 33. Nc4 Rd5 34. Rd1 Rc5 35. Nd2 Bxd2 36. Qxd2 Kg7 37. Rc1 Rxc1 38. Qxc1 c5 39. e3 Ng5 40. Rf4 dxe3 41. fxe3 Qe5 42. Qc3 Qxc3 43. bxc3 b6 44. Rxf5 Rxe3 45. c4 Ra3 46. Bc6 Rc3 47. Bd5 Rb3 48. Bc6 Rb2+ 49. Kg1 Rb4 50. Bb5 Ne4 51. Rd5 Nxg3 52. Rd6 Ne2+ 53. Kg2 Nc3 54. Be8 Nxa4 55. Rd7 Kf8 56. Bxf7 Nb2 57. Be6 a4 58. Rf7+ Ke8 59. Ra7 Nxc4 60. Bd7+ Kf8 61. Bxa4 b5 62. Bxb5 Rxb5 63. Rh7 Rb2+ 64. Kg1 Rb1+ 65. Kg2 Ne3+ 66. Kf3 Nf5 67. Kf4 Kg8 68. Rc7 Ng7 69. Ke5 Rc1 70. Rc6 Kh7 71. Rc7 Rf1 72. Ke4 Rc1 73. Ke5 c4 74. Kf6 Rf1+ 75. Ke7 Nxh5 76. Rxc4 Ng7 77. Kd6 h5 78. Ke5 Kg6 79. Rc2 Ne8 80. Rg2+ Kh6 81. Rg8 Nf6 82. Rh8+ Kg5 83. Ke6 h4 0-1